000 02653cam a22004937a 4500
001 7766148
003 USPCAS-E
005 20180118181414.0
006 m d
007 cr n
008 081204s2009 nyua sb 001 0 eng d
015 _aGBA875738
_2bnb
015 _a07,N44,0966
_2dnb
016 7 _a014640953
_2Uk
016 7 _a98596314X
_2DE-101
020 _a9780387764238 (acidfree paper)
020 _a0387764232 (acidfree paper)
020 _z9780387764245 (e-ISBN)
020 _z0387764240 (e-ISBN)
035 _a(WaSeSS)ssj0000097614
040 _aUKM
_cUKM
_dBTCTA
_dBAKER
_dOCLCG
_dYDXCP
_dBWX
_dCDX
_dIXA
_dMYG
_dIQU
_dVRC
_dMCS
_dDEBSZ
_dUMR
_dUKMGB
_dDLC
_dWaSeSS
042 _apcc
050 4 _aTK2901
_b.H84 2009
050 4 _aTK2901.H84 2009
050 4 _aTK2896
082 0 0 _a621.312424
_223
_bHUG-A 2009
100 1 _aHuggins, Robert A.
_q(Robert Alan),
_d1929-
210 1 0 _aAdvanced batteries
245 1 0 _aAdvanced batteries
_h[electronic resource] :
_bmaterials science aspects /
_cRobert A. Huggins.
260 _aNew York ;
_a[London] :
_bSpringer,
_cc2009.
502 _a0
504 _aIncludes bibliographical references and index.
506 _aLicense restrictions may limit access.
520 1 _a"Storage and conversion are critical components of important energy-related technologies. Advanced Batteries: Materials Science Aspects employs materials science concepts and tools to describe the critical features that control the behavior of advanced electrochemical storage systems." "This volume focuses on the basic phenomena that determine the properties of the components, i.e. electrodes and electrolytes, of advanced systems, as well as experimental methods used to study their critical parameters. This unique materials science approach utilizes concepts and methodologies different from those typical in electrochemical texts, offering a fresh, fundamental and tutorial perspective of advanced battery systems." "Graduate students, scientists and engineers interested in electrochemical energy storage and conversion will find Advanced Batteries: Materials Science Aspects a valuable reference."--BOOK JACKET.
650 0 _aElectric batteries.
650 0 _aElectric batteries
_xMaterials.
650 0 _aElectrodes.
650 0 _aElectrolytes.
650 0 _aElectrochemistry.
773 0 _tSpringerLink ebooks - Chemistry and Materials Science (2009)
856 4 0 _uhttp://www.columbia.edu/cgi-bin/cul/resolve?clio7766148
_zFull text available from SpringerLink ebooks - Chemistry and Materials Science (2009)
910 _aLibrary of Congress record
942 _2ddc
_cBK
999 _c355807
_d355807